Historia mínima de Israel /

Detalles Bibliográficos
Autor principal: Sznajder, Mario (Autor)
Formato: Electrónico eBook
Lenguaje:español
Publicado: Ciudad de México, México : El Colegio de México, 2025.
Edición:Primera edición electrónica.
Colección:Historia mínima (Mexico City, Mexico)
Materias:
Acceso en línea:Digitalia Hispánica

MARC

LEADER 00000nam a2200000Ii 4500
001 DIGCOLMX0596
003 NyNyDIG
006 m o d
007 cr |||||||||||
008 251202s2025 mx ab ob 000 0 spa d
035 |a (OCoLC)1564634624 
040 |a DGITA  |b eng  |e rda  |e pn  |c DGITA 
020 |a 9786075647098  |q electrónico 
020 |z 9786075646619  |q impreso 
043 |a a-is--- 
050 1 4 |a DS126.5 ebook 
100 1 |a Sznajder, Mario,  |e author. 
245 1 0 |a Historia mínima de Israel /  |c Mario Sznajder. 
250 |a Primera edición electrónica. 
264 1 |a Ciudad de México, México :  |b El Colegio de México,  |c 2025. 
300 |a 1 online resource :  |b illustrations, maps. 
336 |a text  |b txt  |2 rdacontent 
337 |a computer  |b c  |2 rdamedia 
338 |a online resource  |b cr  |2 rdacarrier 
347 |a text file  |2 rdaft 
347 |b EPUB 
490 1 |a Historia mínima 
504 |a Includes bibliographical references. 
588 0 |a Online resource; title from ePub title page (Digitalia, viewed December 2, 2025) 
650 0 |a Zionism  |x History. 
650 0 |a Nationalism  |z Israel. 
651 0 |a Israel  |x History. 
776 0 8 |i Print version:  |a Sznajder, Mario.  |t Historia mínima de Israel.  |b Segunda edición.  |d Ciudad de México, México : El Colegio de México, [2025]  |z 9786075646619 
791 2 |a Digitalia (Firm),  |e distributor. 
793 0 |g Digitalia eBook Collection:  |a El Colegio de México 
830 0 |a Historia mínima (Mexico City, Mexico) 
856 4 0 |3 Digitalia Hispánica  |u https://www.digitaliapublishing.com/a/180830/ 
910 |a Premium collection: 2025